000
00319nam a2200133Ia 4500
005
20251222143308.0
008
251222s9999||||xx |||||||||||||| ||spa||
020
_a
890901074
082
_a
972.02/M98
245
0
_a
La Grandeza del México Virreynal
250
_a
1ra.ed.
264
_b
Museo Franz Mayer
942
_c
LIB
999
_c
15607
_d
15607